| 000 | 00942nam a2200229Ii 4500 | ||
|---|---|---|---|
| 003 | JO-AjNU | ||
| 008 | 230605s9999||||xx |||||||||||||| ||und|| | ||
| 017 | _a2020/11/4674 | ||
| 020 | _a978-9957-35-486-2 | ||
| 040 |
_aJO-AjNU _bara _erda _cJO-AjNU |
||
| 041 | _aara | ||
| 050 | 1 | 4 | _aDP99 2022 |
| 100 | 3 |
_aالحسيني، قاسم عبد سعدون, _eauthor _962757 |
|
| 245 | 0 | 0 | _aحركة الاسترداد الاسبانية(االريكونيكيستا): ثنائية الصراع بين المسلمين والنصارى في الاندلس (422-541هـ/1030-1146م)، ج2 |
| 250 | _aط1 | ||
| 264 | 3 | 1 | _aعمان: مركز الكتاب الاكاديمي، 2022 |
| 300 | _aج2: 244ص | ||
| 336 |
_atext _btxt _2rdacontent |
||
| 337 |
_aunmediated _bn _2rdamedia |
||
| 338 |
_avolume _bnc _2rdacarrier |
||
| 650 | 4 |
_aالدولة الاموية في الاندلس-الحروب الصليبية-تاريخ الاندلس _962758 |
|
| 999 |
_aA28433 _c32001 _d32001 |
||